|
|
|
|
| LEADER |
00000nam0a2200000 4500 |
| 001 |
72943 |
| 005 |
20231031084011.0 |
| 035 |
|
|
|a (RuTPU)RU\TPU\book\77779
|
| 090 |
|
|
|a 72943
|
| 100 |
|
|
|a 20050205d1968 k y0rusy50 ca
|
| 101 |
0 |
|
|a rus
|
| 102 |
|
|
|a RU
|
| 105 |
|
|
|a a z 001zy
|
| 200 |
1 |
|
|a Непрерывная адсорбция паров и газов
|f П. Г. Романков, В. Н. Лепилин
|
| 210 |
|
|
|a Ленинград
|c Химия
|d 1968
|
| 215 |
|
|
|a 227 с.
|c ил.
|e черт.
|
| 300 |
|
|
|a Библиогр. в конце глав
|
| 610 |
1 |
|
|a адсорбция
|
| 610 |
1 |
|
|a пары
|
| 610 |
1 |
|
|a газы
|
| 610 |
1 |
|
|a десорбция
|
| 610 |
1 |
|
|a адсорбционные установки
|
| 610 |
1 |
|
|a адсорбционные процессы
|
| 675 |
|
|
|a 660.7
|v 3
|
| 700 |
|
1 |
|a Романков
|b П. Г.
|g Петр Григорьевич
|
| 701 |
|
1 |
|a Лепилин
|b В. Н.
|g Виктор Николаевич
|
| 801 |
|
1 |
|a RU
|b 63413507
|c 20050205
|g PSBO
|
| 801 |
|
2 |
|a RU
|b 63413507
|c 20160505
|g PSBO
|
| 942 |
|
|
|c BK
|